000 01818nam a22003377a 4500
001
003 DO-SdBPM
005 20260120101524.0
008 151005b1995 sp 00| 0 spa d
040 _aDO-SdBPM
_bspa
_cBPMSU
_erda
082 4 _aR220.91
_bD852a 1998
_222
100 1 _aDué, Andrea
_4aut.
_eautor
245 0 0 _aAtlas del mundo bíblico :
_bculturas, vida cotidiana y tradiciones /
_c Andrea Dué : ilustraciones Paola Ravaglia, Matteo Chesi,... [y otros ]
260 _a
_b
_c
264 _aflorencia Italia :
_bEdiciones Anaya,
_c1998
300 _a263 páginas :
_bilustraciones ., retratos., mapas
_c33 cm.
336 _atexto
_btxt
_2rdacontent
337 _asin mediación
_bn
_2rdamedia
338 _avolumen
_bnc
_2rda
500 _aIncluye términos y conceptos históricos
505 0 _aIntroducción -- Antes de la biblia -- La época de los patriarcas -- Plantas y animales de la biblia -- Pueblos y naciones -- Religiones del mundo bíblico -- Egipto y Canaán --El éxodo -- La tierra prometida -- La época de los reyes -- La división del reino -- Artesanía y tecnología -- Vida cotidiana en el antiguo testamento -- Babilonia y el exilio -- La biblia -- El imperio persa -- Griegos y romanos -- La vida de Jesús -- El dominio romanos -- Primeros Cristianos -- Personajes de la biblia -- La era del Islam -- Cruzados y peregrinos -- Mamelucos y otomanos --Jerusalén -- La biblia y el arte -- Israel y Oriente Medio -- Índice.
590 _aInventariado, 2026/VM
590 _6Inventariado, 2026/VM
650 7 _aBiblia
_xHistoria.
_v
650 7 _aGeografía histórica.
650 7 _aGeografía bíblica.
_vAtlas
700 1 _aRavaglia, Paola
_eilustraciones
700 1 _aChesi, Matteo
_eilustraciones
910 _aVMateo V. Control de calidad BPMSU
942 _2ddc
_cBK
999 _c15613
_d15613